00364nam a2200145Ia 4500008004100000020001500041041001200056082001600068100001400084245004500098260003600143300000800179650001500187700001600202221030s9999 xx 000 0 und d a8178087782 aEnglish a105.23bBer aB. Berman 0aRetail Management - A Strategic Approach bPearson EducationaDelhic2002 a708 aManagement aJ. R. Evans